| 000 | 00634nam a2200181 a 4500 | ||
|---|---|---|---|
| 005 | 20140310183212.0 | ||
| 008 | 030415s19uu xx 00 eng d | ||
| 020 | _a0521457971 | ||
| 050 |
_aLC 37525 _b.Ed38 1999 |
||
| 245 |
_aEducating Second Language Children : _bThe whole child, whole curriculum, the whole community / _cFred, Genesee, editor. |
||
| 260 |
_aUnited Kingdom : _bCambridge University Press, _c1999. |
||
| 300 |
_a365 p. : _c24 cm. |
||
| 521 | _aEDU | ||
| 650 |
_aLinguistic minorities _xEducation (Elementary) |
||
| 650 |
_aChildren of minorities _xEducation (Elementary) |
||
| 942 |
_cBK _2lcc _kFOR |
||
| 999 |
_c20152 _d20152 |
||